000 00349 a2200157 4500
001 74219
020 _a8586218138
040 _cAnchieta - Colégio São Paulo
100 _aSodré, Muniz
240 1 0 _aMestre Bimba
_lpor
245 1 0 _aMestre Bimba
300 _a110
362 0 _a2002
650 4 _aBiografia, Genealogia, Insígnia
942 _cBK
999 _c74219
_d74219